000 00594nam a22002052 4500
001 0000021018
005 20151021152604.0
008 120109s xx 000 0 eng d
020 _a0071101462 :
040 _aKABU
_cKABU
100 1 _aSchiller, Bradley R.
_@0000149971
245 1 0 _aEssentials of economics /
_cBradley R. Schiller.
250 _a6th ed.
260 _aBoston :
_bMcGraw Hill,
_c2007.
300 _axxvi, 420 p.
650 0 _aEconomics.
_@0000148279
852 1 _9p2850 KES
908 _a120109
950 _@1
999 _c1601
_d1601